Football Players by Picture #3 - General - Statistics

General Stats
  • This quiz has been taken 9,967 times
  • The average score is 12 of 16
Answer Stats
Picture Answer % Correct
Antoine Griezmann
98%
Casemiro
92%
Antonio Rüdiger
90%
Roberto Firmino
88%
Philippe Coutinho
85%
Gonzalo Higuaín
84%
Robin van Persie
82%
Mario Götze
80%
Marc-André ter Stegen
78%
Mateo Kovačić
74%
Memphis Depay
73%
Diego Godín
69%
Nemanja Matić
60%
Keisuke Honda
47%
Andrea Barzagli
37%
Andrés Guardado
26%
No matching quizzes found
Score Distribution
Percent of People with Each Score
Percentile by Number Answered
Your Score History
You have not taken this quiz